000 00520nam a2200157 4500
008 160923b xxu||||| |||| 00| 0 eng d
022 _a16565649
082 _aDPer 303.405 H22 May-Sept 2015 n. 6-10
100 _915184
_aVelasco, Marvin R.
245 _aLg music flow p7:
_bblast the roof off/
_cMarvin R. Velasco.
260 _aQuezon City:
_bHardware Zone Phils. Corp.,
_cc2015.
300 _av11 i7, page 46;
_c30 cm.
500 _aHWM Philippines.
650 0 _915185
_aComputer peripherals
942 _2ddc
_cPER
999 _c4798
_d4798